[Event "Guernsey op 46th"]
[Site "St James"]
[Date "2022.10.21"]
[Round "6"]
[White "Robinson, John"]
[Black "Rutten, David"]
[Result "0-1"]
[WhiteElo "1967"]
[BlackElo "1750"]
[PlyCount "88"]
[EventDate "2022.10.16"]
[EventType "swiss"]
[EventRounds "7"]
[EventCountry "GCI"]
[SourceTitle "EXT 2024"]
[Source "ChessBase"]
[SourceDate "2023.10.10"]
[SourceVersion "1"]
[SourceVersionDate "2023.10.10"]
[SourceQuality "1"]

1. d4 d5 2. Nf3 Nf6 3. Bf4 c5 4. e3 Nc6 5. c3 Qb6 6. Qc1 Bf5 7. Nbd2 e6 8. dxc5 Bxc5 9. Nb3 Be7 10. Nbd4 Be4 11. h3 0-0 12. Be2 Nxd4 13. exd4 Rac8 14. 0-0 Qa5 15. Nd2 Bg6 16. Nb3 Qa4 17. Bg5 b5 18. Bxf6 gxf6 19. Qe3 b4 20. cxb4 Qxb4 21. Bd3 a5 22. Bxg6 hxg6 23. Nd2 Qxb2 24. Rfb1 Qc3 25. a4 Bb4 26. Ra2 Qxe3 27. fxe3 Rc3 28. Nf1 Rfc8 29. Rd1 Kf8 30. Rb1 Ke7 31. Rd1 Kd6 32. Rb1 R8c4 33. Rd1 Rc1 34. Rxc1 Rxc1 35. Rf2 f5 36. Ra2 f6 37. Kf2 e5 38. g4 fxg4 39. dxe5+ fxe5 40. hxg4 d4 41. exd4 exd4 42. Ng3 Kd5 43. Ne2 Rc8 44. Nf4+ Ke4 0-1

[Event "Guernsey op 46th"]
[Site "St James"]
[Date "2022.10.16"]
[Round "1"]
[White "Collins, Alan"]
[Black "Robinson, John"]
[Result "1/2-1/2"]
[WhiteElo "1606"]
[BlackElo "1967"]
[PlyCount "45"]
[EventDate "2022.10.16"]
[EventType "swiss"]
[EventRounds "7"]
[EventCountry "GCI"]
[SourceTitle "EXT 2024"]
[Source "ChessBase"]
[SourceDate "2023.10.10"]
[SourceVersion "1"]
[SourceVersionDate "2023.10.10"]
[SourceQuality "1"]

1. f4 g6 2. Nf3 Bg7 3. g3 d6 4. Bg2 Nf6 5. d3 c6 6. e4 Qb6 7. c3 0-0 8. Qe2 Bg4 9. Be3 Qc7 10. 0-0 Nbd7 11. h3 Bxf3 12. Rxf3 a5 13. Nd2 a4 14. d4 e5 15. dxe5 dxe5 16. f5 b5 17. g4 h6 18. Bf2 Kh7 19. Rd3 Rfd8 20. Rd1 Nb6 21. Nf1 g5 22. Bc5 Bf8 23. Bxf8 1/2-1/2

[Event "North Wales op"]
[Site "Llandudno"]
[Date "2017.07.02"]
[Round "4"]
[White "Robinson, John"]
[Black "Cooke, Suzie G"]
[Result "1/2-1/2"]
[WhiteElo "2011"]
[BlackElo "1957"]
[PlyCount "71"]
[EventDate "2017.06.30"]
[EventType "swiss"]
[EventRounds "5"]
[EventCountry "WLS"]
[SourceTitle "EXT 2019"]
[Source "ChessBase"]
[SourceDate "2018.10.10"]
[SourceVersion "1"]
[SourceVersionDate "2018.10.10"]
[SourceQuality "1"]

1. d4 e6 2. c4 Nf6 3. Nf3 b6 4. g3 Bb7 5. Bg2 d5 6. Ne5 Bb4+ 7. Bd2 Bxd2+ 8. Nxd2 0-0 9. 0-0 Nbd7 10. Nxd7 Qxd7 11. e3 Rac8 12. Nf3 Ba6 13. Ne5 Qe8 14. Qb3 Nd7 15. Nxd7 Bxc4 16. Qa3 Qxd7 17. Rfc1 a5 18. Bf1 Bxf1 19. Kxf1 Qb5+ 20. Kg1 c5 21. dxc5 Rxc5 22. Rxc5 Qxc5 23. Qxc5 bxc5 24. Rc1 Rc8 25. Kf1 Kf8 26. Rc3 c4 27. b3 Ke7 28. Ke2 Kd7 29. Kd2 e5 30. bxc4 dxc4 31. Rc2 Kd6 32. Kc3 Kc5 33. Rd2 Rc7 34. e4 f6 35. Rd5+ Kb6 36. a4 1/2-1/2

[Event "Wch Seniors 65 24th"]
[Site "Katerini"]
[Date "2014.11.02"]
[Round "9"]
[White "Danielsson, Robert"]
[Black "Robinson, John"]
[Result "1/2-1/2"]
[WhiteElo "2115"]
[BlackElo "1983"]
[PlyCount "28"]
[EventDate "2014.10.24"]
[EventType "swiss"]
[EventRounds "11"]
[EventCountry "GRE"]
[SourceTitle "EXT 2015"]
[Source "ChessBase"]
[SourceDate "2014.11.20"]
[SourceVersion "1"]
[SourceVersionDate "2014.11.20"]
[SourceQuality "1"]

1. d4 Nf6 2. c4 c5 3. Nf3 cxd4 4. Nxd4 e5 5. Nc2 d5 6. cxd5 Qxd5 7. Qxd5 Nxd5 8. e4 Nf6 9. Nc3 Be6 10. f3 Nbd7 11. Be3 a6 12. Be2 Rc8 13. Kf2 Be7 14. Rac1 h6 1/2-1/2

[Event "Wch Seniors 65 24th"]
[Site "Katerini"]
[Date "2014.10.29"]
[Round "6"]
[White "Robinson, John"]
[Black "Blaushtain, Boris"]
[Result "1-0"]
[WhiteElo "1983"]
[BlackElo "2018"]
[PlyCount "131"]
[EventDate "2014.10.24"]
[EventType "swiss"]
[EventRounds "11"]
[EventCountry "GRE"]
[SourceTitle "EXT 2015"]
[Source "ChessBase"]
[SourceDate "2014.11.20"]
[SourceVersion "1"]
[SourceVersionDate "2014.11.20"]
[SourceQuality "1"]

1. d4 Nf6 2. Nc3 d5 3. Bg5 Bf5 4. e3 Nbd7 5. Bd3 Bxd3 6. Qxd3 c6 7. Nf3 Qa5 8. 0-0 e6 9. a3 Bd6 10. Rfe1 h6 11. Bxf6 Nxf6 12. e4 dxe4 13. Nxe4 Nxe4 14. Qxe4 Qd5 15. Rad1 0-0-0 16. Qxd5 cxd5 17. Ne5 Bxe5 18. dxe5 Rd7 19. Rd4 Rc7 20. c3 Kd7 21. h4 h5 22. g3 Ke7 23. f4 g6 24. Kf2 Rhc8 25. Ke3 a5 26. Red1 Rc5 27. Ra4 b6 28. Rad4 Ra8 29. R1d2 a4 30. Rb4 b5 31. Rbd4 f6 32. Rf2 Rc4 33. exf6+ Kxf6 34. Rfd2 Re8 35. Kf3 Kf5 36. Rd1 Rec8 37. Rxc4 Rxc4 38. Rd4 Rc5 39. Rb4 e5 40. fxe5 Kxe5 41. g4 Rc4 42. Rxc4 bxc4 43. gxh5 gxh5 44. Ke3 d4+ 45. cxd4+ Kd5 46. Ke2 Ke4 47. Kd1 Kxd4 48. Kd2 Kd5 49. Kc2 Ke4 50. Kc3 Kf4 51. Kxc4 Kg4 52. b4 axb3 53. Kxb3 Kxh4 54. a4 Kg3 55. a5 h4 56. a6 Kg2 57. a7 h3 58. a8Q+ Kg1 59. Qa7+ Kg2 60. Qb7+ Kg1 61. Qb6+ Kf1 62. Qb5+ Kf2 63. Qf5+ Kg3 64. Qd3+ Kg2 65. Qe2+ Kh1 66. Qf3+ 1-0

[Event "Wch Seniors 65 24th"]
[Site "Katerini"]
[Date "2014.10.25"]
[Round "2"]
[White "Robinson, John"]
[Black "Hmooda, Elhabib"]
[Result "1-0"]
[WhiteElo "1983"]
[BlackElo "1718"]
[PlyCount "49"]
[EventDate "2014.10.24"]
[EventType "swiss"]
[EventRounds "11"]
[EventCountry "GRE"]
[SourceTitle "EXT 2015"]
[Source "ChessBase"]
[SourceDate "2014.11.20"]
[SourceVersion "1"]
[SourceVersionDate "2014.11.20"]
[SourceQuality "1"]

1. d4 d5 2. Nf3 Nf6 3. c4 c6 4. Nc3 Bg4 5. Ne5 Nbd7 6. Nxg4 Nxg4 7. e4 h5 8. cxd5 cxd5 9. Nxd5 Ngf6 10. Nxf6+ exf6 11. Be2 g6 12. 0-0 Bg7 13. Be3 0-0 14. f4 Re8 15. Bf3 Nb6 16. Qb3 Rc8 17. Rac1 Qd7 18. e5 f5 19. d5 Rxc1 20. Rxc1 Nc8 21. d6 Nb6 22. Rc7 Qe6 23. Qxe6 fxe6 24. Bxb6 axb6 25. d7 1-0

[Event "Leicestershire County-ch"]
[Site "Leicester"]
[Date "2013.06.04"]
[Round "2"]
[White "Booley, Graham"]
[Black "Robinson, John"]
[Result "1-0"]
[WhiteElo "1779"]
[BlackElo "1995"]
[PlyCount "49"]
[EventDate "2013.05.09"]
[EventType "swiss"]
[EventRounds "6"]
[EventCountry "ENG"]
[SourceTitle "EXT 2019"]
[Source "ChessBase"]
[SourceDate "2018.10.10"]
[SourceVersion "1"]
[SourceVersionDate "2018.10.10"]
[SourceQuality "1"]

1. e4 e5 2. Nf3 Nc6 3. Bb5 a6 4. Ba4 Nf6 5. 0-0 Nxe4 6. d4 b5 7. Bb3 d5 8. dxe5 Be6 9. c3 Bc5 10. Nbd2 Nxf2 11. Rxf2 f6 12. exf6 Qxf6 13. Nd4 Qxf2+ 14. Kxf2 Nxd4 15. cxd4 Bxd4+ 16. Kf1 0-0-0 17. Nf3 Bb6 18. a4 Rhf8 19. axb5 a5 20. Qd2 Rf6 21. Rxa5 Kd7 22. Ra6 Rxf3+ 23. gxf3 Bh3+ 24. Ke1 Re8+ 25. Kd1 1-0

[Event "Leicester Atkins Memorial op"]
[Site "Leicester"]
[Date "2010.10.02"]
[Round "2"]
[White "Robinson, John"]
[Black "Ilett, Raymond"]
[Result "1-0"]
[WhiteElo "2014"]
[BlackElo "1896"]
[PlyCount "65"]
[EventDate "2010.10.01"]
[EventType "swiss"]
[EventRounds "5"]
[EventCountry "ENG"]
[SourceTitle "CBM 138 Extra"]
[Source "ChessBase"]
[SourceDate "2010.10.29"]
[SourceVersion "1"]
[SourceVersionDate "2010.10.29"]
[SourceQuality "1"]

1. d4 Nf6 2. c4 e6 3. Nf3 b6 4. g3 Bb7 5. Bg2 Be7 6. Nc3 d5 7. Ne5 Nbd7 8. Qa4 c6 9. cxd5 b5 10. Qb3 exd5 11. Nxd7 Qxd7 12. Bf4 b4 13. Na4 a5 14. Nb6 Qe6 15. Nxa8 Bxa8 16. 0-0 0-0 17. Rae1 Ne4 18. f3 Nd6 19. e4 Qd7 20. Bxd6 Bxd6 21. e5 Be7 22. f4 Bb7 23. Rf2 c5 24. Qd3 Rc8 25. f5 c4 26. Qb1 c3 27. e6 Qc7 28. exf7+ Kxf7 29. f6 Bxf6 30. Qxh7 cxb2 31. Bf3 Rg8 32. Bh5+ Kf8 33. Re8# 1-0

[Event "Leicester Atkins Memorial op"]
[Site "Leicester"]
[Date "2010.10.02"]
[Round "3"]
[White "Robinson, John"]
[Black "Mercs, Peter J"]
[Result "1/2-1/2"]
[WhiteElo "2014"]
[BlackElo "2082"]
[PlyCount "83"]
[EventDate "2010.10.01"]
[EventType "swiss"]
[EventRounds "5"]
[EventCountry "ENG"]
[SourceTitle "CBM 138 Extra"]
[Source "ChessBase"]
[SourceDate "2010.10.29"]
[SourceVersion "1"]
[SourceVersionDate "2010.10.29"]
[SourceQuality "1"]

1. d4 Nf6 2. c4 e6 3. Nf3 c5 4. d5 exd5 5. cxd5 d6 6. Nc3 g6 7. e4 Bg7 8. Be2 0-0 9. 0-0 a6 10. a4 Bg4 11. h3 Bxf3 12. Bxf3 Nbd7 13. Be2 Rb8 14. a5 Qc7 15. Ra4 Rfe8 16. Qc2 Rbc8 17. Bf4 Nb8 18. Rfa1 Nfd7 19. Bg4 h5 20. Be2 Ne5 21. Qd2 Kh7 22. R1a3 Nbd7 23. Qd1 c4 24. Kh1 Nc5 25. Bxe5 Bxe5 26. Rxc4 Qe7 27. Qf1 Nd7 28. Na4 Rxc4 29. Bxc4 Rc8 30. b4 Qh4 31. Rf3 Kg7 32. Nc3 Bxc3 33. Rxc3 Qxe4 34. Bd3 Qe8 35. Qc1 Rxc3 36. Qxc3+ Kf8 37. Kg1 Ne5 38. Bf1 Qd8 39. Qc1 Nd7 40. Qf4 Qf6 41. Qxf6 Nxf6 42. Bc4 1/2-1/2

[Event "Leicestershire County-ch"]
[Site "Leicester"]
[Date "2010.05.27"]
[Round "1"]
[White "Robinson, John"]
[Black "Farrall, David J"]
[Result "0-1"]
[WhiteElo "2014"]
[BlackElo "1855"]
[PlyCount "95"]
[EventDate "2010.05.27"]
[EventType "swiss"]
[EventRounds "6"]
[EventCountry "ENG"]
[SourceTitle "EXT 2019"]
[Source "ChessBase"]
[SourceDate "2018.10.10"]
[SourceVersion "1"]
[SourceVersionDate "2018.10.10"]
[SourceQuality "1"]

1. d4 d5 2. Nf3 c5 3. c4 e6 4. cxd5 exd5 5. Nc3 Be6 6. g3 Nc6 7. Bg2 Qb6 8. dxc5 Qxc5 9. 0-0 Nf6 10. Be3 Qa5 11. Nd4 Bb4 12. Ncb5 0-0 13. a3 Be7 14. Rc1 Nxd4 15. Nxd4 Rac8 16. Nxe6 fxe6 17. Bh3 Kf7 18. Bd4 Qa6 19. e3 Rxc1 20. Qxc1 Ne4 21. Qc7 Nd2 22. Bc5 Re8 23. Qf4+ Bf6 24. Re1 Ne4 25. Qc7+ Be7 26. Bf1 Qa4 27. Bd4 b6 28. Bg2 Nd6 29. Qc1 Rc8 30. Qb1 Qc2 31. Bc3 Qxb1 32. Rxb1 Bf6 33. Bxf6 Kxf6 34. b3 Rc2 35. Bf1 Rc3 36. a4 Ne4 37. Rb2 Nd6 38. Kg2 e5 39. Rd2 Ke6 40. Rb2 e4 41. h4 Nf7 42. Kg1 Ne5 43. Bh3+ Kd6 44. a5 Nf3+ 45. Kg2 bxa5 46. Bg4 Ne5 47. Be2 Kc5 48. Ra2 0-1

[Event "Paington op"]
[Site "Paington"]
[Date "2009.09.09"]
[Round "4"]
[White "Robinson, John"]
[Black "Wheeler, John Francis"]
[Result "1/2-1/2"]
[WhiteElo "2037"]
[BlackElo "2149"]
[PlyCount "120"]
[EventDate "2009.09.06"]
[EventType "swiss"]
[EventRounds "7"]
[EventCountry "ENG"]
[SourceTitle "CBM 132 Extra"]
[Source "ChessBase"]
[SourceDate "2009.11.03"]
[SourceVersion "1"]
[SourceVersionDate "2009.11.03"]
[SourceQuality "1"]

1. d4 d5 2. Nf3 Nf6 3. c4 e6 4. Nc3 c6 5. Bg5 Nbd7 6. e3 Qa5 7. Bh4 Bb4 8. Qc2 Ne4 9. Rc1 Qxa2 10. Bd3 Bxc3+ 11. bxc3 Qxc2 12. Rxc2 Ndf6 13. 0-0 dxc4 14. Bxc4 0-0 15. Bd3 h6 16. c4 c5 17. Ra1 g5 18. Bg3 Nxg3 19. hxg3 Rd8 20. Rd2 g4 21. Ne5 cxd4 22. exd4 Kg7 23. Be2 h5 24. Kf1 Nd7 25. Ra5 b6 26. Nc6 bxa5 27. Nxd8 Ba6 28. Nc6 Bxc4 29. Bd3 Bd5 30. Nxa5 Rc8 31. Rc2 Rxc2 32. Bxc2 Nb8 33. Bb3 Be4 34. Ba4 Kf6 35. Nb3 Bc2 36. Ke2 Ke7 37. f3 Kd6 38. Kd2 Bg6 39. Kc3 Nc6 40. Nd2 Ne7 41. Nc4+ Kc7 42. Ne3 Nf5 43. Nxf5 Bxf5 44. Be8 Bg6 45. Kb4 Kd6 46. Kc3 Kd5 47. Ba4 f6 48. Bd1 Bf5 49. Ba4 Bg6 50. Bd1 gxf3 51. gxf3 Be8 52. Bb3+ Kd6 53. f4 a5 54. Bd1 a4 55. Bf3 Bc6 56. Bxh5 Be4 57. g4 a3 58. g5 fxg5 59. fxg5 a2 60. Kb2 Kd5 1/2-1/2

[Event "Leicestershire-ch"]
[Site "Littlethorpe"]
[Date "2008.07.27"]
[Round "3"]
[White "Robinson, John"]
[Black "Salisbury, Mike"]
[Result "1/2-1/2"]
[WhiteElo "1880"]
[BlackElo "1872"]
[PlyCount "61"]
[EventDate "2008.05.27"]
[EventType "swiss"]
[EventRounds "6"]
[EventCountry "ENG"]
[SourceTitle "EXT 2011"]
[Source "ChessBase"]
[SourceDate "2010.11.26"]
[SourceVersion "1"]
[SourceVersionDate "2010.11.26"]
[SourceQuality "1"]

1. d4 Nf6 2. c4 c5 3. d5 b5 4. cxb5 a6 5. bxa6 Bxa6 6. Nc3 g6 7. Nf3 d6 8. g3 Bg7 9. Bg2 0-0 10. 0-0 Nbd7 11. Qc2 Ng4 12. h3 Nge5 13. Nxe5 Nxe5 14. b3 Qb6 15. Be3 Qb4 16. Rac1 Rfc8 17. Bd2 c4 18. Rfe1 cxb3 19. Qxb3 Rab8 20. Qxb4 Rxb4 21. Rb1 Rcb8 22. Bf1 Nc4 23. Rxb4 Rxb4 24. Rb1 Bxc3 25. Rxb4 Nxd2 26. Rb8+ Kg7 27. Bg2 Bxe2 28. Rc8 Ba5 29. Rc2 Bf3 30. Bxf3 Nxf3+ 31. Kf1 1/2-1/2

[Event "Leicestershire-ch"]
[Site "Littlethorpe"]
[Date "2008.06.23"]
[Round "2"]
[White "Burrows, Martin P"]
[Black "Robinson, John"]
[Result "1/2-1/2"]
[WhiteElo "2048"]
[BlackElo "1880"]
[PlyCount "37"]
[EventDate "2008.05.27"]
[EventType "swiss"]
[EventRounds "6"]
[EventCountry "ENG"]
[SourceTitle "EXT 2011"]
[Source "ChessBase"]
[SourceDate "2010.11.26"]
[SourceVersion "1"]
[SourceVersionDate "2010.11.26"]
[SourceQuality "1"]

1. e4 e5 2. Bc4 Nf6 3. d4 exd4 4. Nf3 Nc6 5. e5 d5 6. Bb5 Ne4 7. Nxd4 Bc5 8. Be3 Bd7 9. Bxc6 bxc6 10. 0-0 Qe7 11. Re1 0-0 12. f3 Bxd4 13. Qxd4 Ng5 14. f4 Ne4 15. Nd2 Bf5 16. Nxe4 Bxe4 17. Qc3 Qe6 18. Bc5 Rfd8 19. Re2 1/2-1/2

[Event "Leicestershire-ch"]
[Site "Littlethorpe"]
[Date "2008.05.27"]
[Round "1"]
[White "Robinson, John"]
[Black "Potter, Karl"]
[Result "1-0"]
[WhiteElo "1880"]
[BlackElo "1616"]
[PlyCount "119"]
[EventDate "2008.05.27"]
[EventType "swiss"]
[EventRounds "6"]
[EventCountry "ENG"]
[SourceTitle "EXT 2011"]
[Source "ChessBase"]
[SourceDate "2010.11.26"]
[SourceVersion "1"]
[SourceVersionDate "2010.11.26"]
[SourceQuality "1"]

1. e4 e6 2. d4 d5 3. Nc3 Bb4 4. e5 c5 5. a3 Bxc3+ 6. bxc3 Qc7 7. Nf3 Ne7 8. a4 Nbc6 9. Bb5 c4 10. Ba3 Bd7 11. 0-0 a6 12. Bxc6 Bxc6 13. a5 0-0-0 14. Bc5 Rdg8 15. Qb1 Bb5 16. Qb4 Nc6 17. Qa3 h6 18. Bd6 Qd8 19. Rfb1 g5 20. Rxb5 axb5 21. a6 Qb6 22. a7 Kd7 23. Bb8 Nxa7 24. Bxa7 Qc6 25. Bc5 b6 26. Qa7+ Qc7 27. Bxb6 Qxa7 28. Rxa7+ Kc6 29. Ba5 b4 30. cxb4 Rh7 31. Nd2 Rb8 32. Nb1 Rb7 33. Ra6+ Kd7 34. Rd6+ Ke8 35. c3 Rd7 36. Ra6 Rb7 37. Ra8+ Kd7 38. g3 f5 39. Na3 Ke7 40. b5 Kd7 41. b6 Kc6 42. Rc8+ Kd7 43. Rc7+ Rxc7 44. bxc7 h5 45. Nb5 Rh8 46. Nd6 Ra8 47. c8Q+ Rxc8 48. Nxc8 Kxc8 49. h4 g4 50. Kf1 Kd7 51. Ke2 Ke7 52. Ke3 Kf7 53. Bd8 Kg7 54. Ke2 Kf7 55. Ke3 Kg7 56. Kf4 Kg6 57. Be7 Kh6 58. Bf8+ Kg6 59. Bg7 Kxg7 60. Kg5 1-0

[Event "GBR-ch Seniors"]
[Site "Douglas"]
[Date "2005.08.12"]
[Round "7"]
[White "Nicolson, James R"]
[Black "Robinson, John"]
[Result "1/2-1/2"]
[WhiteElo "1937"]
[BlackElo "2053"]
[PlyCount "57"]
[EventDate "2005.08.06"]
[EventType "swiss"]
[EventRounds "7"]
[EventCountry "ENG"]
[SourceTitle "EXT 2007"]
[Source "ChessBase"]
[SourceDate "2006.11.23"]
[SourceVersion "1"]
[SourceVersionDate "2006.11.23"]
[SourceQuality "1"]

1. c4 Nf6 2. g3 c5 3. Bg2 g6 4. Nc3 Bg7 5. Nf3 Nc6 6. 0-0 0-0 7. d4 cxd4 8. Nxd4 a6 9. a4 Qc7 10. b3 d6 11. e3 Bd7 12. Bb2 Qc8 13. Rc1 Qd8 14. Qd2 Rb8 15. Rfd1 Kh8 16. Nd5 Nxd5 17. Nxc6 bxc6 18. Bxg7+ Kxg7 19. cxd5 c5 20. Qc3+ f6 21. Bf1 Qb6 22. Bc4 a5 23. f4 Qc7 24. e4 Rb4 25. Re1 Bc8 26. Re3 Qa7 27. Rce1 Bh3 28. e5 Rb7 29. exd6 1/2-1/2

[Event "Virginia Beach Millennium op 3rd"]
[Site "Virginia Beach"]
[Date "2002.03.03"]
[Round "4"]
[White "Potter, John M"]
[Black "Robinson, John"]
[Result "1-0"]
[WhiteElo "2055"]
[BlackElo "2055"]
[PlyCount "67"]
[EventDate "2002.03.01"]
[EventType "swiss"]
[EventRounds "5"]
[EventCountry "USA"]
[SourceTitle "CBM 086 Extra"]
[Source "ChessBase"]
[SourceDate "2002.03.14"]
[SourceVersion "1"]
[SourceVersionDate "2002.03.14"]
[SourceQuality "1"]

1. d4 d5 2. c4 c6 3. Nc3 e6 4. e3 f5 5. Bd3 Nf6 6. Nge2 Bd6 7. f3 0-0 8. 0-0 Qc7 9. g3 Qe7 10. e4 fxe4 11. fxe4 Nxe4 12. Rxf8+ Qxf8 13. Nxe4 dxe4 14. Bxe4 Nd7 15. Bf4 e5 16. dxe5 Bxe5 17. Qc2 Qc5+ 18. Kh1 Nf6 19. Bf5 Bxf4 20. Bxc8 Rxc8 21. Nxf4 Re8 22. b3 Qe3 23. Rf1 Ne4 24. Ng2 Qd4 25. Nh4 Qd2 26. Qxd2 Nxd2 27. Rd1 Re2 28. Nf5 Kf8 29. Nd4 Rf2 30. Kg1 Ne4 31. Re1 Nc5 32. Kxf2 Nd3+ 33. Ke2 Nxe1 34. Kxe1 1-0